000 00658nam a2200193 a 4500
005 20220531063702.0
008 991125s1972 mx 000 0 spa u
035 _aUPN01000004377
049 _aCG
050 4 _aPQ8510 R6
_bA7 1972
100 1 _aRodó Piñeyro, José Enrique,
_d1872-1917
_929608
245 1 0 _aAriel ; Liberalismo y Jacobinismo ; Ensayos de Rubén Darío, Bolívar y Montalvo /
_cJosé Enrique Rodó ; estudio prelim., índice bibliog. por Raimundo Lazo.
250 _a3a ed.
260 _aMéxico :
_bPorrúa,
_c1972.
300 _axlvi, 255 p.
440 0 _aSepan cuantos ;
_v87
650 7 _aLiteratura uruguaya
_2
_95065
905 _aLibro
999 _c4377
_d4377